007440000a22002650004500500004400000650001700044650001400061650002500075650002400100650001000124082002200134518001100156530000600167100002200173100002100195245006100216020001800277260003700295260000900332041000800341300002100349942000800370999001700378952008300395 aBibliography at the end of each chapter aUnemployment aEconomics aEconomic development aMathematical models aTrade a331.137bH336mcT a980820 aM aHazari, Bharat R. aSgro, Pasqual M. aModels of unemployment in trade and economic development a0-415-02277-0 aLondonbRoutledge, Great Britain c1992 aEng axii,151p.billus cGEN c15510d15510 00104070aTUCLbTUCLd2010-06-20l0p116388r2010-06-20 00:00:00w2010-06-20